| 000 | 01246nam0a22002771 4500 | ||
|---|---|---|---|
| 001 | rc\3383055 | ||
| 005 | 20130115153944.1 | ||
| 021 |
_aRU _b[72-66125] |
||
| 035 | _a(NLR Aleph) 007535106 | ||
| 090 |
_a7766995 _c7766995 |
||
| 100 | _a20130115d1972 |||y0rusy50 ca | ||
| 101 | 0 | _arus | |
| 102 | _aRU | ||
| 105 | _ay z ||||| | ||
| 200 | 1 |
_aАктуальные вопросы акушерства и гинекологии _eМатериалы I съезда врачей акушеров-гинекологов Молдавии _f[Ред. коллегия: проф. Г.А. Паллади (отв. ред.) и др.] _gМ-во здравоохранения МССР. Респ. науч. о-во акушеров-гинекологов |
|
| 210 |
_aКишинев _cШтиинца _d1972 |
||
| 215 |
_a139 с. _d21 |
||
| 606 |
_aГинекология _jСборники _2psbo |
||
| 606 |
_aАкушерство _jСборники _2psbo |
||
| 702 | 1 |
_aПаллади _bГ. А. _4340 |
|
| 712 | 1 | 2 |
_aСъезд врачей акушеров-гинекологов Молдавии _d1 _f1972 _eКишинев _3RU\NLR\AUTH\8810202776 |
| 801 | 0 |
_aRU _bNLR _gpsbo |
|
| 801 | 1 |
_aRU _bELAR _2rusmarc |
|
| 852 |
_aNLR _j72-5/2623 |
||
| 942 | _cBOOK | ||
| 980 | _aNB | ||